Wird geladen...
Viswa ke yugnirmatha saahithyakar. /
| 1. Verfasser: | |
|---|---|
| Format: | Printed Book |
| Sprache: | Hindi |
| Veröffentlicht: |
1976.
|
| LEADER | 00423nam a2200121Ia 4500 | ||
|---|---|---|---|
| 008 | 121027s9999 ii 000 0 hin d | ||
| 082 | |a 809 |b LAK/V | ||
| 100 | |a Vyas, Lakshmishankar. | ||
| 245 | |a Viswa ke yugnirmatha saahithyakar. / |c Lakshmishankar Vyas. | ||
| 260 | |c 1976. | ||
| 942 | |c BK | ||
| 999 | |c 69946 |d 69946 | ||
| 952 | |0 0 |1 0 |4 0 |6 809_000000000000000_LAK_V |7 0 |9 69923 |a UL |b UL |c ST2 |d 2012-10-27 |l 0 |o 809 LAK/V |p G962 |r 2012-10-27 |w 2012-10-27 |y BK | ||